000 00610nam a2200205Ia 4500
008 191130s2007##################000#0#eng##
020 _a9780521676564
022 _a2006051819
040 _aACL
_cACL
082 _a001.432 GER
100 _aGerring, John
245 _aCase study research : principles and practices
_cJohn gerring
260 _aCambridge
_bCambridge University Press
_c2007
300 _ax, 265p
500 _aIncludes bibliographical references and indexes
650 _aHistorical method
990 _a46ee17a2ac10000c646eebdb0eeb5c97
991 _a2614
999 _c124771
_d124771